000 00889nam a22002417a 4500
005 20080801162052.0
008 080801t xxu||||| |||| 00| 0 eng d
010 _aENG-90663
020 _a0195698193
_c350.00
035 _aEN-74196
037 _bDBAD / PUB
040 _aDPL
_bENGLISH
082 _a338.91
100 _aMookherjee, Dilip
245 _aMarket institutions, governance, and development :
_cby Dilip Mookherjee
_bcollected essays /
260 _aNew Delhi
_bOxford University Press
_c2008
300 _avi, 308p.
_c22cm.(pbk)
650 _aCorporations
650 _aEconomic development
650 _aEconomic development
_xGovernment policy
942 _2ddc
_cEN
_h338.91
_mMOO
999 _c14720
_d14720